000 01477nam a2200253Ia 4500
999 _c48599
_d48599
001 15499
003 GE_BSU
005 20230524112452.0
008 181216s2015||||ge |||||||||||||| ||geo||
020 _a9789941225291
040 _cGE_BSU
041 _ageo
080 _a930.1+902+929 დ-43
100 _aდიასამიძე, ბიჭიკო
_918194
245 _aდამხმარე ისტორიული დისციპლინები /
_cბიჭიკო დიასამიძე; რედ. ნ. კახიძე; ბათუმის შოთა რუსთაველის სახელმწ. უნ-ტის ნიკო ბერძენიშვილის ინ-ტი.
264 _aთბილისი :
_bუნივერსალი,
_c2015.
300 _a112 გვ.;
_b20 სმ.
504 _aბიბლიოგრაფია ტექსტის შენიშვნებში
520 _aრეზიუმე ინგლისურ ენაზე
653 _aისტორიის დამხმარე დისციპლინები
700 _aკახიძე, ნ.
_eრედაქტორი
_918195
710 _aბათუმის შოთა რუსთაველის სახელმწიფო უნივერსიტეტი.
_bნიკო ბერძენიშვილის ინსტიტუტი.
_918196
942 _cBK
_2udc